Tilastot visalle Klikkaa käännöstä - hollanti

Klikkaa tästä pelataksesi tätä visaa!

Yleistilastot

  • Tätä visaa on pelattu 70 kertaa
  • Keskiarvotulos 13 / 20

Vastaustilastot

HintVastaus% Oikein
KirjastoBibliotheek
98%
ÄitiMoeder
91%
TiistaiDinsdag
89%
MustaZwart
89%
SairaalaZiekenhuis
86%
KylpyhuoneBadkamer
82%
HattuHoed
75%
VuosiJaar
75%
TehdasFabriek
73%
AurinkoZon
73%
SuolaZout
70%
YhdeksänNegen
66%
SukellusveneOnderzeeër
66%
LomaVakantie
61%
VadelmaFramboos
57%
JuustoKaas
57%
KasvotGezicht
41%
EilenGisteren
36%
TyhjäLeeg
34%
SikaVarken
30%

Tulosjakauma

Persentiili vastausten määrän mukaan

Jokaisen tuloksen saaneiden osuus

Tuloshistoriasi

Et ole pelannut tätä visaa